[Event "FRA-chT"]
[Site "France"]
[Date "1998.05.11"]
[Round "11"]
[White "Kosten, Anthony C"]
[Black "Legky, Nikolay A"]
[Result "1-0"]
[WhiteElo "2535"]
[BlackElo "2480"]
[Annotator "Tsesarsky,I"]
[PlyCount "89"]
[EventDate "1998.02.06"]
[EventType "team"]
[EventRounds "11"]
[EventCountry "FRA"]
[SourceTitle "CBM 064 Extra"]
[Source "ChessBase"]
[SourceDate "1998.07.07"]
[SourceVersion "1"]
[SourceVersionDate "1998.07.07"]
[SourceQuality "1"]

{[%mdl 36]} 1. c4 e6 2. d4 d5 3. Nc3 Nf6 4. cxd5 exd5 5. Bg5 c6 6. e3 Be7 7.
Bd3 Nbd7 8. Nge2 Nh5 9. Bxe7 Qxe7 10. g4 (10. Qd2 g6 11. O-O O-O 12. f3 Nb6 13.
Rae1 Be6 14. e4 dxe4 15. fxe4 Rad8 16. h3 $13 {Gutman,L-Andersson,U/Wijk/1987/}
) 10... Nhf6 11. Ng3 (11. h3 Nb6 12. b3 Bd7 13. Qd2 g6 14. f3 h5 $6 15. g5 Ng8
16. h4 Qd6 17. e4 $14 {Gutman,L-Blauert/Bad Wörishofen/1990/ / /}) 11... g6 (
11... h6 12. h3 Nb6 13. Qd2 Bd7 14. b3 g6 15. a4 a5 16. f3 $14 {Kasparov,
G-Spassky,B/Barcelona WCup/1989/ ->CBM 12}) 12. Qe2 (12. h4 $5 Nb6 13. g5 Ng8 (
13... Ng4 14. Qd2 (14. Be2 h5 15. gxh6 Nxh6 16. h5 Nf5 17. Nxf5 (17. hxg6 Rxh1+
18. Nxh1 fxg6 19. Qc2 Be6 20. O-O-O O-O-O $132) 17... Bxf5 $132) 14... O-O 15.
O-O-O $14) 14. Kd2 $5 $14 {1-0 Milov,V-Andersson,U/FIDE-Wch k.o. 1997 (46)} (
14. Qf3 Be6 15. O-O-O O-O-O 16. Rdg1 h6 17. Qf4 $14)) (12. g5 Ng8 13. h4 h6 14.
gxh6 Rxh6 (14... Ndf6 15. h5 Bg4 16. Be2 $5 (16. Qa4 $1 Bxh5 (16... Nxh5 17.
Nxh5 Bxh5 18. Nxd5 $14) 17. Nxh5 Nxh5 (17... gxh5 18. h7 Nh6 19. Qc2 $16) 18.
Nxd5 $14) 16... Bxe2 (16... Bxh5 17. Nxh5 Nxh5 18. Bxh5 gxh5 19. Rxh5 Rxh6 $14)
17. Qxe2 Nxh5 $6 (17... Rxh6 $5 18. Qf3 (18. hxg6 Rxh1+ 19. Nxh1 fxg6 20. Rc1
$14) 18... O-O-O $132) 18. Nxh5 gxh5 19. Rxh5 Rxh6 20. O-O-O $14 {1-0 Yakovich,
Y-Panchenko,A/URS-ch58 Moscow 1991 (54)}) 15. h5 Nf8 16. Qa4 Nf6 17. hxg6 Rxh1+
18. Nxh1 Nxg6 19. O-O-O Be6 20. Ng3 $14 {1/2-1/2 Yakovich,Y-Grosar,A/Sochi-B
1989 (49)}) (12. h3 Nb6 13. Qb3 (13. Qd2 $5) (13. Qe2 Bd7 14. O-O-O O-O-O 15.
Kb1 $14 {1/2-1/2 Shumiakina,T-Khurtsidze,N/Kishinev ztW 1995 (61)}) (13. Qc2
Be6 14. O-O-O O-O-O 15. Kb1 Kb8 16. Rc1 $14 {1-0 Gausel,E-Lauvsnes,A/Gausdal
International 1990 (34)}) 13... Be6 (13... Bd7 14. O-O-O $14 (14. a4 $5 Be6 15.
a5 Nc8 16. a6 Rb8 17. axb7 Rxb7 18. Qa4 O-O $14)) 14. g5 Ne4 15. Bxe4 dxe4 16.
Qa3 Qxg5 17. Ncxe4 $14) 12... Nb6 13. g5 Ng8 14. h4 h5 $6 (14... h6 $142 15.
gxh6 Nxh6 16. h5 (16. O-O-O Be6 17. Kb1 (17. h5 g5 18. Qc2 (18. Rhg1 O-O-O $132
) 18... O-O-O 19. Kb1 Kb8 $132) 17... O-O-O 18. Rc1 Kb8 19. h5 g5 20. Qc2 Bg4
21. Rcf1 Bf3 22. Rhg1 Qf6 $132 {1/2-1/2 Moiseenko,A-Dobrovolsky,L/Ceske
Budejovice op 1995 (59)}) 16... g5 17. O-O-O $14 {0-1 Galliamova Ivanchuk,
A-Vladimirov,E/Oviedo 1993 (41)}) 15. O-O-O $16 (15. gxh6 $5 $14) 15... Bd7 16.
e4 (16. f3 O-O-O 17. Qf2 (17. e4 $6 dxe4 18. fxe4 $4 Bg4 $19) 17... f5 18. Kb1
$14) 16... O-O-O (16... dxe4 17. Ngxe4 O-O-O 18. Rhe1 Bg4 19. f3 Bf5 20. Nc5
Qxe2 21. Bxf5+ gxf5 22. Rxe2 $16) 17. Rhe1 (17. exd5 Qxe2 18. Ngxe2 cxd5 19.
Rd2 Ne7 20. Re1 Nf5 21. Bxf5 Bxf5 22. Nf4 Rd7 23. Rde2 Rhd8 24. b3 $16) 17...
Qd6 $5 (17... dxe4 18. Ngxe4 $16) 18. exd5 (18. e5 $2 Qb4 $132) 18... cxd5 $2
$18 (18... Qf4+ 19. Qe3 Qxe3+ 20. Rxe3 (20. fxe3 Nxd5 21. Nxd5 cxd5 22. Kd2 Ne7
23. Rc1+ Kb8 24. Rf1 Be6 25. b4 $14) 20... cxd5 21. Rde1 $16) (18... Nxd5 $1
19. Nxd5 (19. Qe5 Qxe5 20. Rxe5 Bg4 21. Rd2 Nf4 22. Bc4 f6 $15) 19... Qxd5 20.
Qe5 Qxe5 21. Rxe5 (21. dxe5 Be6 $11) 21... Bg4 22. Rd2 Kc7 (22... Rxd4 23. Bf5+
$18) 23. Bc4 f6 24. gxf6 Nxf6 25. Bf7 Nd7 26. Rg5 Nf8 27. Bxg6 Nxg6 28. Rxg6
$16 {(+/=)}) 19. Qe5 $1 Qxe5 $8 20. Rxe5 Be6 (20... Bc6 21. Rde1 Kd7 22. f4 $18
) (20... Kb8 21. Rde1 Rc8 22. f4 Na4 23. Kc2 $18) 21. Bxg6 $1 Nd7 (21... Bg4
22. Bf5+ (22. Bxf7 Bxd1 23. Kxd1 Nd7 24. Re2 $18) 22... Bxf5 23. Rxf5 $18) (
21... fxg6 22. Rxe6 Rf8 23. Rd2 Kd7 24. Rxg6 $18) 22. Re3 Bg4 (22... fxg6 23.
Rxe6 $18) 23. Bxf7 Bxd1 24. Kxd1 Rf8 (24... Nb6 25. Re2 $18) 25. Nxd5 $1 Kd8 (
25... Rxf7 26. Re8#) 26. g6 (26. Bxh5 Nb6 27. Nxb6 axb6 28. g6 $18) 26... Nh6
27. g7 Nxf7 28. gxf8=Q+ Nxf8 29. Nf4 Nh6 30. Ke2 Ng4 31. Rb3 b6 32. Rb5 Nf6 33.
Rf5 N8d7 34. Nfxh5 Re8+ 35. Kf3 Ng8 36. Ne4 Ne7 37. Rf7 Rh8 38. Nf4 Rh6 39. Ng3
Nc6 40. Ke3 Rxh4 41. Nf5 Rh1 42. Ne6+ Kc8 43. Nd6+ Kb8 44. Rxd7 Re1+ 45. Kd2
1-0

[Event "Hoogovens"]
[Site "Wijk aan Zee"]
[Date "1998.01.27"]
[Round "10"]
[White "Piket, Jeroen"]
[Black "Van der Sterren, Paul"]
[Result "1-0"]
[WhiteElo "2575"]
[BlackElo "2550"]
[Annotator "Tsesarsky,I"]
[PlyCount "67"]
[EventDate "1998.01.16"]
[EventType "tourn"]
[EventRounds "13"]
[EventCountry "NED"]
[EventCategory "17"]
[SourceTitle "CBM 063"]
[Source "ChessBase"]
[SourceDate "1998.03.26"]
[SourceVersion "1"]
[SourceVersionDate "1998.03.26"]
[SourceQuality "1"]

1. d4 Nf6 2. c4 e6 3. Nc3 d5 4. cxd5 exd5 5. Bg5 c6 6. e3 Bf5 7. Qf3 Bg6 8.
Bxf6 Qxf6 9. Qxf6 gxf6 10. Nf3 Nd7 (10... Be7 11. Nh4 f5 12. Nf3 (12. g3 Bxh4
13. gxh4 f4 14. exf4 (14. Bh3 $2 fxe3 15. fxe3 Nd7 16. Rg1 h6 17. Kd2 Nf6 18.
Raf1 Ke7 $15 {0-1 Ryskin,A-Balashov,Y/Pinsk 1993 (50)}) 14... Nd7 15. Kd2 $14)
12... Nd7 13. g3 Nf6 14. h4 Bh5 15. Nd2 Rg8 16. a3 Ne4 17. Bh3 Nxd2 18. Kxd2
Bf3 19. Rhb1 Bg4 20. Bf1 Bf6 21. Bd3 f4 22. gxf4 $14 {1-0 Giorgadze,T-Glienke,
M/Hannover 1983 (43)} (22. Bxh7 fxe3+ 23. Kxe3 Rg7 24. Bc2 Kd7 25. Re1 Re8+ 26.
Kf4 Bxd4 27. Rxe8 Kxe8 28. f3 $132)) 11. Nh4 (11. Be2 Nb6 (11... f5 12. O-O Nf6
13. a3 Ne4 14. Rfc1 Bh6 15. g3 Ke7 16. b4 a6 17. a4 Kd6 18. Ne5 f6 19. Nd3 $14
{1-0 Zilberman,Y-Kaldor,A/Petach-Tikva Magen mem. 1996 (38)}) (11... Be7 12.
Rc1 Rd8 13. O-O h5 14. Na4 b5 15. Nc5 Nxc5 16. dxc5 Kd7 17. Nd4 f5 18. b4 Bf6
19. Rfd1 a6 20. Rc3 $14 {1-0 Koch,B-Paroulek,V/cr FS-Ol/3 1960 (61)}) 12. Nd2
Bf5 (12... Kd7 13. h4 h5 14. e4 $2 (14. Rc1 $14) 14... dxe4 15. Ndxe4 Kc7 16.
O-O Rd8 17. Rfd1 Bg7 $15 {1/2-1/2 Dao Thien Hai-Nielsen,P/Budapest ExpFS FebGM
1993 (61)}) 13. O-O Be7 14. Rfe1 a5 15. Rac1 O-O 16. g4 Be6 17. f4 f5 18. g5 a4
$132 {1/2-1/2 Flear,G-Ruban,V/EUCup Gr1 Eupen 1994 (46)}) (11. h4 h5 12. Kd2
Bd6 13. Ne1 Nf8 14. Nd3 Ne6 15. Rb1 (15. Be2 Ke7 16. Rhc1 $14) 15... a5 16. a3
Ke7 17. b4 Rhb8 18. Be2 Nf8 19. Rb3 (19. Rhc1 $14) 19... axb4 20. axb4 Nd7 21.
b5 $14 {0-1 Granath,S-Hunt,H/WchJW-U16 Szeged 1994 (38)}) (11. Kd2 Nb6 12. b3
a5 13. Bd3 Bb4 14. a3 Bxc3+ 15. Kxc3 a4 16. b4 Bxd3 17. Kxd3 Nc4 18. Nd2 b5 19.
Nxc4 dxc4+ 20. Ke4 $14 {1/2-1/2 Zilberman,Y-Bruk,O/ISR-ch Jerusalem 1996 (33)})
(11. g3 Nb6 12. Nd2 Bd6 13. Bg2 O-O 14. O-O Rfe8 15. Rfd1 Rad8 16. Rac1 a5 17.
Bf1 a4 $11 {1-0 Ivanov Igor V-Mikhalchishin Adrian/Ch URS liga), Ashkhabad 
(Turkmenistan) 1978 (68)}) 11... Be7 12. g3 Nb6 13. Rd1 (13. f4 f5 14. Bd3 Bxh4
15. gxh4 Ke7 16. Ne2 Ke6 17. Ng3 h6 18. b4 a6 19. Kd2 Nc8 20. a4 Nd6 21. h5 Bh7
22. Rhc1 Rhg8 $132 {1/2-1/2 Van der Sterren,P-Piket,J/Amsterdam OHRA-B 1988 
(61)}) (13. O-O-O f5 14. Ng2 h5 15. Bd3 Nc8 16. Ne2 Nd6 17. Nh4 O-O-O 18. Nf4
Rdg8 19. Kd2 Kd7 20. Ke2 Rh6 21. Rc1 Bh7 $132 {1-0 Averbakh,Y-Damjanovic,M/
Rijeka YUG-URS 1963 (50)}) 13... Bb4 14. a3 Bxc3+ 15. bxc3 Na4 16. Kd2 b5 (
16... Ke7 17. c4 dxc4 18. Bxc4 $14) 17. f3 O-O 18. g4 Nb2 19. Ra1 Nc4+ 20. Bxc4
bxc4 21. Nf5 $14 Rab8 22. Rhb1 Rfe8 (22... Bxf5 23. gxf5 Rfe8 (23... Rb3 $2 24.
Rxb3 cxb3 25. c4 dxc4 26. Kc3 a5 27. Kxc4 a4 28. Rg1+ Kh8 29. Kb4 Rg8 30. Rb1
Ra8 31. e4 Kg7 32. Kc5 $16) 24. e4 $1 $14) 23. e4 Bxf5 (23... Rb3 $2 24. Rxb3
cxb3 25. Kd3 h5 26. h3 Bxf5 27. gxf5 Rb8 28. Rb1 a5 29. a4 $16) 24. gxf5 dxe4
25. fxe4 Rxb1 26. Rxb1 Rxe4 27. Rb4 $14 Rf4 $4 (27... c5 $1 28. dxc5 (28. Rxc4
cxd4 29. Rxd4 Re5 $11) 28... Kf8 29. c6 Ke7 30. Rb7+ Kd6 31. Rxa7 Kxc6 32. Rxf7
Rh4 33. Rxf6+ Kd5 34. Re6 Rxh2+ 35. Re2 Rh6 $14) 28. Rxc4 $18 Rxf5 29. Rxc6 Kg7
(29... Ra5 30. c4 Kf8 31. d5 Rxa3 32. d6 Ke8 33. c5 Kd8 34. Rc7 Rh3 35. Rxa7
Rxh2+ 36. Kd3 Rh4 (36... Rh1 37. Kc4 $18) 37. c6 $18) 30. c4 Ra5 31. d5 f5 32.
c5 f4 33. d6 Kf6 34. Rc7 1-0

[Event "Enghien les Bains 2nd"]
[Site "Enghien les Bains"]
[Date "1997.03.19"]
[Round "6"]
[White "Dorfman, Josif D"]
[Black "Rausis, Igors"]
[Result "1/2-1/2"]
[WhiteElo "2585"]
[BlackElo "2470"]
[Annotator "Tsesarsky,I"]
[PlyCount "26"]
[EventDate "1997.03.14"]
[EventType "tourn"]
[EventRounds "9"]
[EventCountry "FRA"]
[EventCategory "10"]
[SourceTitle "CBM 058"]
[Source "ChessBase"]
[SourceDate "1997.06.01"]
[SourceVersion "1"]
[SourceVersionDate "1997.06.01"]
[SourceQuality "1"]

1. d4 Nf6 2. Nf3 e6 3. c4 d5 4. Nc3 Nbd7 5. cxd5 exd5 6. Bf4 c6 7. Qc2 Nb6 8.
e3 Bg4 9. Ne5 Bh5 10. Bd3 (10. h3 $142 Bg6 (10... Bd6 11. Qb3 (11. g4 $146 Bg6
12. Qb3 Qe7 13. Be2 Nfd7 $10 14. Nd3 (14. Nxg6 hxg6 15. Bxd6 Qxd6 16. O-O-O
O-O-O) (14. Nxd7 Qxd7 15. Bxd6 Qxd6 16. O-O-O O-O-O) 14... a5 (14... Bxd3 15.
Bxd6 Qxd6 16. Bxd3 O-O-O 17. O-O-O Rhe8 $10) 15. Bxd6 Qxd6 16. Nf4 a4 17. Qa3
Qxa3 18. bxa3 Nc8 19. h4 h6 20. Nxg6 fxg6 21. Bd3 Kf7 22. f3 Rd8 23. Rb1 Ra7
24. O-O b5 25. e4 Ndb6 26. Rbc1 Ne7 27. g5 Rad7 28. Ne2 Rh8 $6 {1/2-1/2
Georgiev,K-Smagin,S/Jugoslavija 1995 (43)} (28... Nc4 $1)) 11... Qe7 12. Nd3
Bxf4 13. Nxf4 Bg6 14. Be2 Be4 15. O-O O-O 16. Nxe4 Nxe4 17. Qc2 Nc8 18. Nd3 $14
{0-1 Gavrilov,A-Smagin,S/Novgorod op 1995 (33)}) 11. Qb3 (11. Bd3 Bxd3 12. Nxd3
Be7 13. O-O O-O $10) 11... a5 (11... Be7 12. Be2 O-O 13. O-O Nfd7 14. Nxg6 hxg6
) 12. a3 a4 13. Qd1 Ne4 (13... Bd6 $5) 14. Be2 Bd6 15. Nxg6 (15. O-O O-O 16.
Nxe4 Bxe4 17. Rc1 Re8 $10) 15... hxg6 16. Nxe4 dxe4 17. Qc2 $16 {Georgiev,
K-Piket,J/Moscow olm BUL-NED 1994/1-0 (76)}) 10... Bd6 (10... Bg6 11. Bxg6 (11.
Nxg6 $14) 11... hxg6 12. h3 Bd6 13. O-O O-O 14. Bg3 Re8 15. f4 (15. Rab1 $14)
15... Qc8 16. Rac1 Bb4 17. Bh4 Qf5 $11 {Budde,V-Smagin,S/Eupen op act 1994/0-1
(47)}) 11. f3 Bg6 12. g4 (12. Nxg6 hxg6 13. O-O Qe7 14. Rfe1 g5 15. Bxd6 Qxd6
16. h3 g4 (16... O-O-O 17. a4 $1 (17. Nb5 $6 Qg3 18. Nxa7+ Kb8 19. Nxc6+ (19.
Qc5 Nfd7 20. Qa5 Rxh3 $17) 19... bxc6 20. Qxc6 Rd6 $17) 17... a5 (17... g4 18.
hxg4 Qh2+ 19. Kf2 Qh4+ 20. Ke2 Qg3 21. Rg1 Rh2 22. Kf1 Rdh8 23. a5 $16) 18. Nb5
Qb4 19. Qc5 Nc4 $8 (19... Qxc5 20. dxc5 cxb5 21. cxb6 $18) 20. Bxc4 dxc4 $8 21.
Qf5+ Rd7 22. Qxg5 (22. Na3 Rh5 (22... g4 23. hxg4 c3 24. bxc3 Qxc3 25. Nb5 $18)
23. Qc2 $16) 22... Ne8 23. Na3 $18) 17. fxg4 (17. hxg4 Qh2+ 18. Kf2 Qh4+ 19.
Ke2 Qg3 20. Rg1 Rh2 21. Kf1 O-O-O 22. Qf2 Qd6 (22... Qxf2+ 23. Kxf2 $16) 23.
Rc1 (23. g5 Nh5 24. Ne2 Qb4 $132) 23... Kb8 24. Rc2 $1 (24. g5 Nh5 25. Ne2 Qe7
26. Ng3 (26. f4 Re8 $17) 26... Qxg5 27. Nxh5 Rxh5 $11) 24... Rdh8 25. Ke2 $16)
17... Qg3 18. e4 Rxh3 19. exd5+ Kf8 $19) 12... Bxd3 13. Qxd3 Qe7 (13... Qe7 14.
O-O-O O-O (14... O-O-O 15. Qf5+ Kb8 16. g5 Nh5 17. Qxf7 Nxf4 18. Qxe7 (18. exf4
Rde8 19. Qh5 Qf8 20. Qg4 h5 21. Qh4 Qf5 22. Ne2 g6 23. Qf2 Re6 24. h4 Rhe8 $44)
18... Bxe7 19. exf4 Rhf8 20. Ne2 $14) 15. h4 (15. Ne2 c5 $1 $15) 15... Rfe8 16.
Rde1 (16. h5 $2 Nfd7 17. Nxd7 Bxf4 18. exf4 Qxd7 19. f5 Nc4 20. Rde1 (20. h6
Re3 21. Qc2 g5 $1 $17) 20... Qd6 $15) 16... Rac8 17. Kb1 c5 18. h5 cxd4 19.
exd4 Nc4 20. h6 (20. Nxc4 $2 Qxe1+ 21. Rxe1 Rxe1+ 22. Bc1 Rxc4 $15 {[%cal
Rd6f4]}) 20... g6 21. Bg5 (21. Nxd5 $2 Nxd5 (21... Na3+ 22. bxa3 Nxd5 23. Bd2
Qc7 $17) 22. Nxc4 Qxe1+ 23. Rxe1 Rxe1+ 24. Bc1 Bf4 $19) 21... Bxe5 22. Nxd5 (
22. dxe5 Nxe5 23. Qd4 Rc4 24. Qxa7 Qe6 25. Bxf6 Qxf6 26. Nxd5 Qd6 (26... Qxf3
27. Qxb7 Rc5 28. Ne7+ Kf8 (28... Kh8 29. Nxg6+ hxg6 30. Qxf3 Nxf3 31. Rxe8+ $18
) 29. Nxg6+ hxg6 30. Qxf3 Nxf3 31. Rxe8+ Kxe8 32. h7 $18) 27. Qxb7 Rb8 (27...
Rc5 28. Rd1 $18) 28. Qe7 Qxd5 (28... Rxb2+ 29. Kxb2 Nd3+ 30. Kb3 $18) 29. Qxe5
$18)) 1/2-1/2

[Event "RUS-chT 05th"]
[Site "Maikop"]
[Date "1998.06.07"]
[Round "5"]
[White "Ibragimov, Ildar"]
[Black "Shabanov, Yuri"]
[Result "1-0"]
[WhiteElo "2590"]
[BlackElo "2495"]
[Annotator "Tsesarsky,I"]
[PlyCount "69"]
[EventDate "1998.06.03"]
[EventType "team-tourn"]
[EventRounds "11"]
[EventCountry "RUS"]
[SourceTitle "CBM 066"]
[Source "ChessBase"]
[SourceDate "1998.09.30"]
[SourceVersion "1"]
[SourceVersionDate "1998.09.30"]
[SourceQuality "1"]
[WhiteTeam "Kazan Sberbank-Tatarstan"]
[BlackTeam "Cherepovets Severstal"]
[WhiteTeamCountry "RUS"]
[BlackTeamCountry "RUS"]

1. c4 Nf6 2. Nc3 e6 3. d4 d5 4. cxd5 exd5 5. Bg5 c6 6. e3 Bf5 7. Qf3 Be6 (7...
Bg6) 8. Bxf6 Qxf6 9. Qxf6 gxf6 10. Bd3 Nd7 (10... h5 11. h4 f5 12. Nh3 Nd7 13.
Ne2 Bb4+ 14. Kf1 Bd6 15. Nhf4 $14 {Savchenko,S-Barkhagen,J/Gausdal Peer Gynt
1992/1-0 (46)}) 11. Nge2 (11. Nf3 Nb6 12. O-O-O (12. Rc1 h6 13. O-O Rg8 14.
Rfe1 O-O-O 15. Rc2 Kb8 16. Ne2 Nc8 17. Nd2 Nd6 18. Nf4 $14 {1/2-1/2 Ionov,
S-Dokuchaev,A/St.Petersburg op 1994 (38)}) 12... Nc8 (12... O-O-O 13. Nh4 (13.
Ne2 Kc7 14. h3 Nc8 15. Nf4 Nd6 16. g4 Ne4 17. Rdf1 Bd6 18. Nh5 f5 $1 $132 {
1/2-1/2 Karpow-Waganjan/55.ch-UdSSR/SW,35,5 1988 (37)}) 13... Kc7 14. Ne2 Nc8
15. Nf5 Nd6 16. Neg3 Nxf5 {1/2-1/2 Panno,O-Campora,D/Buenos Aires 1990}) 13. e4
(13. Ne2 Nd6 14. Ng3 h5 15. Nh4 O-O-O 16. Rdf1 Be7 17. Ngf5 Nxf5 18. Nxf5 Bb4
19. g3 Kc7 20. Kb1 Rdg8 21. Rc1 Bxf5 {1/2-1/2 Ionov,S-Vaganian,R/Moscow op 1990
}) 13... Nb6 14. Rhe1 (14. Rhe1 {1/2-1/2 Bagirov,V-Vaganian,R/URS-chT 1988})
14... O-O-O 15. Nh4 Bb4 16. a3 dxe4 17. Rxe4 Bxc3 18. bxc3 Rd5 19. Rf4 $14 {
1/2-1/2 Ehlvest,J-Andersson,U/Reggio Emilia8990 1989 (31)}) 11... Nb6 (11...
Bd6 12. Ng3 Nb6 13. Nce2 Bb4+ 14. Kd1 Nc8 15. Nh5 Be7 16. f3 Nd6 17. g4 O-O-O
18. Neg3 $6 (18. Kc2 f5 19. h3 fxg4 20. hxg4 $14) (18. Nhg3 $14) 18... Nc4 $1
19. Bxc4 dxc4 20. Kc2 (20. Ke2 c5 21. dxc5 c3 $14) 20... c5 $1 21. Rad1 $14 (
21. dxc5 Rd3 $132 {Knaak,R-Vaganian,R/DPMM Porz-Bremen 1996/1-0 (51)})) 12. Ng3
a5 (12... Nc4 13. O-O-O Nd6 14. h4 f5 15. Nce2 Ne4 16. Rdf1 Bh6 17. Kc2 Rg8 18.
Rh2 Rc8 $132 {0-1 Lugovoi,A-Saric,I/Leningrad URS-JUG TeamJ 1991 (30)}) (12...
Bd6 13. O-O-O O-O-O 14. Nf5 Bf8 15. g4 Kc7 16. Ne2 Nc8 17. h3 Nd6 18. Nfg3 Bh6
19. Rdg1 Rhg8 20. Rh2 (20. Bxh7 $16) 20... Bg5 21. Kd2 $16 {1-0 Aleksandrov,
A-Dokuchaev,A/Russian Cup 8th Leg, Smolensk RUS 1997 (25)}) 13. f4 Be7 14. f5
Bc8 15. Nh5 Rg8 16. Rg1 $1 (16. Kf2 Rg5 17. Nf4 (17. Ng3 Bd6 18. Nce2 a4 19.
Rac1 $132) 17... a4 18. h4 Rg8 19. Rhc1 $132) 16... Bd7 (16... Nd7 17. g4 b6
18. Kd2 Ba6 $14) 17. g4 O-O-O 18. Kf2 $14 Kb8 (18... Rde8 19. h3 (19. Rae1 $14)
19... c5 20. Nf4 $14) 19. h3 Bc8 20. Rge1 Rd6 $6 (20... Nd7 $14) 21. a3 (21. e4
dxe4 (21... Bd8 22. Nf4 Bc7 23. exd5 Rgd8 24. Re7 R6d7 25. Rxd7 Rxd7 26. Kf3 (
26. dxc6 Rxd4 $17) 26... Bxf4 27. Kxf4 Nxd5+ 28. Nxd5 Rxd5 29. Ke3 $14) 22.
Rxe4 Bd8 23. Rae1 $14) 21... Bd8 (21... Nd7 $5) 22. b4 $16 (22. Rac1 $16) 22...
axb4 23. axb4 Re8 (23... Kc7 24. b5 Bd7 25. Nf4 $16) 24. b5 Bd7 (24... Re7 25.
Nf4 Bd7 26. bxc6 bxc6 27. Reb1 Be8 28. Na4 Ra7 29. h4 Ra5 30. Ke2 Bc7 31. Nc5
Rxa1 32. Rxa1 $16) 25. Rec1 Re7 (25... Bc7 26. Rab1 Kc8 27. Nf4 Rg8 28. bxc6
Bxc6 (28... bxc6 29. Rxb6 Bxb6 30. Nb5 $18) 29. Rb4 $16) 26. Rab1 cxb5 (26...
Bc7 27. Nf4 Re8 (27... Kc8 28. bxc6 Bxc6 (28... bxc6 29. Rxb6 Bxb6 30. Ncxd5
$18) 29. Rxb6 Bxb6 30. Ncxd5 $18) 28. bxc6 bxc6 (28... Bxc6 29. Rb4 $16) 29.
Na4 $1 $18) 27. Bxb5 Bc6 (27... Bxb5 28. Rxb5 Rc7 29. Nf4 $16) 28. Nf4 Red7 (
28... Bc7 29. Rb4 $16) 29. Be2 Bc7 30. Nb5 Bxb5 $8 31. Bxb5 (31. Rxb5 Rc6 32.
Rcb1 Bxf4 33. exf4 Na4 $14) 31... Rd8 (31... Re7 32. Ke2 Rd8 33. Nh5 Rd6 34.
Kd3 $16) 32. Nh5 Rc8 33. Rb3 Nc4 $2 $18 (33... Rg8 $16) 34. Bxc4 Rc6 (34...
dxc4 35. Rxc4 $18) (34... Bd8 35. Rcb1 dxc4 36. Rxb7+ Ka8 37. Rxf7 $18) 35.
Bxd5 (35. Bxd5 Rxc1 36. Rxb7+ Ka8 37. Rxc7+ Kb8 38. Rb7+ Ka8 39. Rxf7+ Kb8 40.
Rb7+ Ka8 41. Rxh7+ Kb8 42. Rb7+ Ka8 43. Nxf6 $18) 1-0

[Event "Schoeneck"]
[Site "Schoeneck"]
[Date "1996.??.??"]
[Round "2"]
[White "Dydyshko, Viacheslav"]
[Black "Slobodjan, Roman"]
[Result "1-0"]
[WhiteElo "2545"]
[BlackElo "2520"]
[Annotator "Tsesarsky,I"]
[PlyCount "83"]
[EventDate "1996.??.??"]
[EventType "tourn"]
[EventRounds "9"]
[EventCountry "GER"]
[SourceTitle "CBM 056"]
[Source "ChessBase"]
[SourceDate "1997.02.01"]
[SourceVersion "1"]
[SourceVersionDate "1997.02.01"]
[SourceQuality "1"]

1. d4 {Baburin Ftacnik} d5 2. c4 e6 3. Nc3 Be7 4. cxd5 exd5 5. Bf4 Nf6 6. e3
O-O 7. Bd3 c5 8. dxc5 (8. h3 cxd4 9. exd4 Nc6 10. Nge2 Qb6 11. a3 a6 12. O-O
Be6 $11 {1-0 Avshalumov,A-Nuvoloni,D/Chartres op 1990 (35)}) (8. Rc1 cxd4 9.
exd4 Nc6 10. Nge2 Bg4 11. O-O Qb6 12. Qd2 Rfd8 13. f3 Bh5 14. Na4 $14 {1-0
Bischof,D-Andersen,D/Dortmund op-A 1992 (43)}) (8. Nf3 c4 (8... Nc6) 9. Bc2 Bg4
10. h3 Bh5 11. g4 Bg6 12. Ne5 Bxc2 13. Qxc2 Nc6 14. O-O Rc8 15. Rad1 a6 16. Qe2
Bb4 17. g5 Ne8 18. Qg4 Bxc3 19. bxc3 Rc7 20. e4 $16 {1-0 Drasko,M-Piskov,Y/
Amantea op 1995 (42)}) 8... Nc6 9. Nge2 Bxc5 10. O-O (10. h3) 10... d4 (10...
Be6 11. Bg5 h6 12. Bh4 Qe7 13. Rc1 Rad8 14. Nb5 Bb6 15. Nbd4 $14 {1/2-1/2
Lputian,S-Vasiukov,E/Moscow-A 1987 (40)}) 11. exd4 (11. Na4 $1 Bb6 (11... Bd6
12. Bb5 $1 (12. Bxd6 $2 Qxd6 13. exd4 (13. h3 Rd8 14. exd4 Nxd4 15. Nxd4 Qxd4
16. Be2 Bxh3 17. Qxd4 Rxd4 18. Nc5 Bf5 19. Nxb7 Rb4 20. Nd6 {1/2-1/2 Vaisser,
A-Marciano,D/France 1993}) 13... Rd8 $11) 12... Bxf4 13. exf4 Qc7 14. Bxc6 Qxc6
(14... bxc6 15. Qxd4 $16) 15. Nxd4 Qe4 16. Qd2 $16) 12. Nxb6 Qxb6 13. Nxd4 Nxd4
14. exd4 Qxb2 15. Be5 $14) 11... Nxd4 12. Na4 Nxe2+ 13. Bxe2 Nd5 (13... Bd4 {
Ftacnik} 14. Bf3) 14. Bg3 Be7 15. Qb3 (15. Bf3 {Ftacnik} Be6) 15... Qa5 16. Bf3
Nb6 $6 $146 (16... Nb4 {Ftacnik /\ Be6} 17. a3 Nc6 18. Rad1 Bf6 19. Bd6 (19.
Rd5 {Ftacnik} Nd4 $1 $132) 19... Nd4 20. Rxd4 Bxd4 21. Bxf8 Kxf8 22. Qd1 Be5
23. Nc5 Qc7 24. b4 $11 {Ftacnik,L 1/2-1/2 Anastasian,A-Kruppa,Y/Minsk 1990 (41)
}) 17. Rfe1 $1 (17. Nxb6 {Ftacnik} axb6 $14) 17... Bf6 18. Nxb6 $16 Qxb6 (18...
axb6 19. Bd6 Rd8 (19... Be6 20. Rxe6 fxe6 21. Qxe6+ Kh8 22. Bxf8 Rxf8 23. Rc1
Qd2 24. Rc8 Be7 25. g3 $16) 20. Bd5 $18 (20. Bc7 Rf8 21. Bxb6 Qa4 22. Qxa4 Rxa4
23. Bc5 Rd8 24. Rad1 Be6 $8 25. Rxd8+ Bxd8 26. a3 $16)) 19. Qxb6 axb6 20. Be5 {
[%csl Rb6,Rb7]} Bxe5 $8 21. Rxe5 {Baburin: Here the isolated doubled pawns
make survival very difficult for Black, as pieces have to protect those pawns,
therefore the pieces remain passive. It is nearly impossible for Black to
change the pawn formation here.} Rd8 (21... Be6 22. a3 Rfd8 (22... Ra5 23. Rae1
(23. Re2 $2 Bd5 $1 24. Bg4 $14 (24. Bxd5 Rxd5 25. Rae1 g6 26. g3 Rfd8 27. Re7
R8d7 $11)) 23... Rxe5 (23... Rc8 24. R5e2 Rc7 25. Bg4 $1 f5 26. Rxe6 fxg4 27.
Rxb6 Re5 28. Kf1 Rd5 (28... Rh5 29. Re8+ Kf7 30. Rb8 $18) 29. Re8+ Kf7 30. Rb8
Re7 31. f3 (31. g3 Rd1+ 32. Kg2 Ree1 33. R8xb7+ $11) 31... Rd1+ 32. Kf2 Rd2+
33. Kg3 gxf3 34. gxf3 Rdd7 35. a4 $16) 24. Rxe5 Rc8 25. h4 $16) 23. Bxb7 Rab8
24. Bf3 Rbc8 25. Re2 $16) (21... Ra5 $144 {Baburin} 22. Re7 Rc5) 22. Rb5 Rd6
23. a3 Ra5 $5 (23... Bd7 24. Rb4 Rc8 25. Re1 Rc2 26. Bxb7 Be6 27. h4 $16) 24.
Rc1 Ra8 $6 (24... Be6 25. Rb4 Re5 26. h4 $16 (26. Bxb7 Rc5 27. Re1 Rc2 28. h4
$16)) 25. Rd5 Rxd5 26. Bxd5 Be6 27. Bxb7 (27. Bxe6 $1 fxe6 28. Rc7 Rd8 29. g3
Rd2 30. b4 Ra2 31. Rxb7 Rxa3 32. Rxb6 Kf7 (32... Rb3 33. Rb7 $18) 33. h4 h5 34.
Kg2 Kf6 35. Rb8 Rb3 36. b5 g6 37. Kf1 Rb2 38. b6 $18) 27... Rd8 28. Bf3 g5 29.
h3 Rd2 30. b4 Rd3 31. a4 Rd4 32. Rb1 g4 $2 33. hxg4 $18 Bxg4 34. Bb7 $2 (34.
Bxg4 Rxg4 35. f3 $18) 34... Bf5 35. Rb2 Be4 $2 (35... Rd1+ 36. Kh2 Ra1 37. Bc6
Ra3 $16 (37... Rc1 38. Bb5 Ra1)) 36. Bxe4 Rxe4 37. f3 Rc4 38. Kf2 Kg7 39. Ke3
Rc1 40. Kd4 Kf6 (40... Ra1 41. Kc4 (41. a5 $2 bxa5 42. b5 a4 43. b6 a3 $11)
41... Rxa4 42. Kb5 $18) 41. Ra2 Ke6 42. a5 1-0